|
|
|
|
| LEADER |
00000nam a22000007a 4500 |
| 005 |
20190514223911.0 |
| 007 |
cr|||| |||| |
| 008 |
190514s2019 mx |||||s|||| 00||0 spa d |
| 020 |
|
|
|a 978-607-629-354-6
|
| 035 |
|
|
|a 23383
|
| 040 |
|
|
|a vLex
|
| 090 |
|
|
|c 8701
|d 8701
|
| 100 |
1 |
|
|a Campero Guerrero, Eladio
|
| 245 |
1 |
0 |
|a Taller de prc̀ticas fiscales
|h [Recurso electrn̤ico] :
|b ISR, IVA, IMSS, INFONAVIT 2019 /
|c Eladio Campero Guerrero, Jos ̌Přez Chv̀ez, Raymundo Fol Olgun̕
|
| 250 |
|
|
|a Sexta edicin̤
|
| 256 |
|
|
|a Servicio en ln̕ea
|
| 260 |
|
|
|a Ciudad de Mx̌ico:
|b Tax Editores,
|c 2019
|
| 300 |
|
|
|a 1 recurso electrn̤ico
|
| 500 |
|
|
|a 666 pg̀inas.
|
| 506 |
1 |
|
|a Disponible solo en los productos indicados
|d vLex Global
|d vLex Global (Academic Edition, excluding Law Schools)
|d vLex Global (U.S. Academic Edition, Law Schools)
|d vLex Global (U.S. Academic Edition, excluding Law Schools)
|d vLex Global (Academic Edition, Law Schools)
|
| 650 |
0 |
4 |
|a Derecho Tributario
|z Mx̌ico
|
| 700 |
1 |
|
|a Přez Chv̀ez, Još
|
| 700 |
1 |
|
|a Fol Olgun̕, Raymundo
|
| 740 |
0 |
|
|a vLex Libros (Servicio en ln̕ea)
|
| 856 |
4 |
0 |
|u http://vlex.com/source/taller-practicas-fiscales-isr-iva-imss-infonavit-2019-23383
|z Acceso restringido
|
| 942 |
|
|
|c BOOK
|
| 999 |
0 |
|
|a Tax Law
|